Endonyms of Europe - Statistics

General Stats
  • This quiz has been taken 9 times
    8 since last reset
  • The average score is 38 of 45
Answer Stats
Endonym Exonym % Correct
Österreich Austria
100%
Danmark Denmark
100%
Latvija Latvia
100%
Moldova Moldova
100%
Slovensko Slovakia
100%
Andorra Andorra
88%
Belgique Belgium
88%
Bosna i Hercegovina Bosnia and Herzegovina
88%
Česko Czech Republic
88%
Eesti Estonia
88%
France France
88%
Deutschland Germany
88%
Italia Italy
88%
Kosova Kosovo
88%
Liechtenstein Liechtenstein
88%
Lietuva Lithuania
88%
Lëtzebuerg Luxembourg
88%
Malta Malta
88%
Nederland Netherlands
88%
Северна Македонија North Macedonia
88%
Norge Norway
88%
Polska Poland
88%
Portugal Portugal
88%
România Romania
88%
San Marino San Marino
88%
Slovenija Slovenia
88%
España Spain
88%
Sverige Sweden
88%
Schweiz Switzerland
88%
Україна Ukraine
88%
United Kingdom United Kingdom
88%
Civitas Vaticana Vatican City
88%
Беларусь Belarus
75%
България Bulgaria
75%
Hrvatska Croatia
75%
Suomi Finland
75%
Ελλάδα Greece
75%
Magyarország Hungary
75%
Ísland Iceland
75%
Éire Ireland
75%
Shqipëria Albania
63%
Múnegu Monaco
63%
Црна Гора Montenegro
63%
Россия Russia
63%
Србија Serbia
63%
No matching quizzes found
Score Distribution
Percent of People with Each Score
Percentile by Number Answered
Your Score History
You have not taken this quiz since the last reset